000 00770nam a2200253Ia 4500
001 dia_4134
003 CHAP
005 20230116184553.0
007 ta
008 220117s1990 mx f 000 0 spa d
010 _a174759
040 _cCHAP
_amxchpua
090 _aFOLLETO 2474
100 1 _aSosa, Romeo
_9108830
245 1 3 _aEl beneficio húmedo y opciones de comercialización de café cereza en naranjos, municipio de Tolula, Veracruz /
_cRomeo Sosa y otros
260 _aVeracruz, México :
_bUACh. Subdirección de Centros Regionales,
_c1990
300 _a18 hojas
500 _aS/c
650 1 3 _aCafé
_917085
901 _aFOLLETO 2474
902 _aM
905 _a0000001990 mx 0000000000spa00
942 _cFOLL
_2local
999 _c174759
_d174759